[Event "Plancoet op 4th"]
[Site "Plancoet"]
[Date "2004.07.25"]
[Round "1"]
[White "Istratescu, Andrei"]
[Black "Viot, Alain"]
[Result "1-0"]
[WhiteElo "2603"]
[BlackElo "2131"]
[PlyCount "45"]
[EventDate "2004.07.25"]
[EventType "swiss"]
[EventRounds "9"]
[EventCountry "FRA"]
[SourceTitle "CBM 101 Extra"]
[Source "ChessBase"]
[SourceDate "2004.09.01"]
[SourceVersion "2"]
[SourceVersionDate "2004.09.01"]
[SourceQuality "1"]

1. d4 d5 2. c4 dxc4 3. e3 Nf6 4. Bxc4 e6 5. Nf3 c5 6. 0-0 a6 7. Qe2 b5 8. Bb3 Bb7 9. a4 Qb6 10. axb5 axb5 11. Rxa8 Bxa8 12. dxc5 Bxc5 13. Nc3 Bc6 14. Ne5 b4 15. Na4 Bxa4 16. Bxa4+ Ke7 17. b3 Rd8 18. Bb2 Bd6 19. Rc1 Bxe5 20. Bxe5 Nbd7 21. Bc7 Rc8 22. Qc4 Qb7 23. Bd6+ 1-0

[Event "Creon op 2nd"]
[Site "Creon"]
[Date "1997.??.??"]
[Round "?"]
[White "Safranska, Anda"]
[Black "Viot, Alain"]
[Result "1-0"]
[WhiteElo "2305"]
[BlackElo "2140"]
[PlyCount "87"]
[EventDate "1997.??.??"]
[EventType "swiss"]
[EventRounds "9"]
[EventCountry "FRA"]
[SourceTitle "EXT 2001"]
[Source "ChessBase"]
[SourceDate "2000.11.22"]
[SourceVersion "1"]
[SourceVersionDate "2000.11.22"]
[SourceQuality "1"]

1. e4 e5 2. Nf3 Nc6 3. Bb5 a6 4. Ba4 Nf6 5. 0-0 b5 6. Bb3 Be7 7. Re1 d6 8. c3 0-0 9. h3 Nb8 10. d4 Nbd7 11. Nbd2 Bb7 12. a4 Re8 13. Bc2 Bf8 14. b3 g6 15. d5 c6 16. c4 bxc4 17. bxc4 cxd5 18. cxd5 Nc5 19. a5 Rc8 20. Nf1 Bg7 21. Ra3 Qc7 22. Bg5 h6 23. Bd2 Nfxe4 24. Bxe4 Nxe4 25. Rxe4 Bxd5 26. Rb4 Rb8 27. Ne3 Be6 28. Qa4 d5 29. Rc3 Qe7 30. Rcb3 Rxb4 31. Bxb4 Qd8 32. Bd6 Bd7 33. Qa3 d4 34. Rb8 Qxb8 35. Bxb8 Rxb8 36. Nc4 Rb1+ 37. Kh2 e4 38. Nxd4 Bxd4 39. Qd6 Bxf2 40. Qxd7 e3 41. Ne5 Bg1+ 42. Kg3 Rf1 43. Nf3 Kg7 44. Nxg1 1-0

[Event "Enghien les Bains 1st"]
[Site "Enghien les Bains"]
[Date "1995.??.??"]
[Round "3"]
[White "Borulya, Ekaterina"]
[Black "Viot, Alain"]
[Result "1-0"]
[WhiteElo "2370"]
[BlackElo "2150"]
[PlyCount "95"]
[EventDate "1995.??.??"]
[EventType "tourn"]
[EventRounds "9"]
[EventCountry "FRA"]
[EventCategory "4"]
[SourceTitle "EXT 1997"]
[Source "ChessBase"]
[SourceDate "1996.11.15"]
[SourceVersion "1"]
[SourceVersionDate "1996.11.15"]
[SourceQuality "1"]

1. e4 e5 2. Nf3 Nc6 3. d4 exd4 4. Nxd4 Bc5 5. Be3 Qf6 6. c3 Nge7 7. Bc4 Ne5 8. Be2 Qg6 9. 0-0 d6 10. f3 0-0 11. Nd2 Kh8 12. Kh1 f5 13. f4 Ng4 14. Bxg4 Qxg4 15. Qxg4 fxg4 16. b4 Bb6 17. Nc4 Bxd4 18. Bxd4 d5 19. exd5 Nxd5 20. Rae1 Bd7 21. Ne5 Bf5 22. g3 Kg8 23. Rf2 c6 24. Nc4 Rae8 25. Be5 Bc8 26. Nd6 Rd8 27. a4 Nf6 28. Nxc8 Rxc8 29. Bd4 b6 30. a5 bxa5 31. bxa5 c5 32. Be5 Rfd8 33. Rb2 Rd7 34. Reb1 Kf7 35. Rb7 Rcd8 36. a6 Ke6 37. Rxd7 Rxd7 38. Rb7 Rd1+ 39. Kg2 Rd2+ 40. Kg1 Rd1+ 41. Kf2 Ne4+ 42. Ke2 Rh1 43. Ke3 Nd6 44. Bxd6 Kxd6 45. Rxa7 Rxh2 46. Rxg7 h5 47. Rh7 Ke6 48. a7 1-0

[Event "Enghien les Bains 1st"]
[Site "Enghien les Bains"]
[Date "1995.??.??"]
[Round "6"]
[White "Viot, Alain"]
[Black "Carbonnel, Pierre"]
[Result "0-1"]
[WhiteElo "2150"]
[BlackElo "2230"]
[PlyCount "74"]
[EventDate "1995.??.??"]
[EventType "tourn"]
[EventRounds "9"]
[EventCountry "FRA"]
[EventCategory "4"]
[SourceTitle "EXT 1997"]
[Source "ChessBase"]
[SourceDate "1996.11.15"]
[SourceVersion "1"]
[SourceVersionDate "1996.11.15"]
[SourceQuality "1"]

1. d4 Nf6 2. Nf3 e6 3. c4 c5 4. Nc3 cxd4 5. Nxd4 a6 6. e4 Qc7 7. Be2 b6 8. Be3 d6 9. 0-0 Bb7 10. f3 Nbd7 11. Rc1 Be7 12. Qd2 Rc8 13. Rfd1 0-0 14. Bf1 Rfd8 15. Qf2 Ne5 16. b3 d5 17. cxd5 Ba3 18. Ncb5 Qxc1 19. Bxc1 Bxc1 20. Na7 Rc3 21. Nc2 Bh6 22. Qxb6 Rd7 23. Nd4 Be3+ 24. Kh1 Neg4 25. fxg4 e5 26. Nac6 exd4 27. Ne5 Nxe4 28. Nxd7 Nf2+ 29. Kg1 Nxd1+ 30. Kh1 Nf2+ 31. Kg1 Nxg4+ 32. Kh1 Nf2+ 33. Kg1 Ne4+ 34. Kh1 h5 35. Qxb7 Rc1 36. Qxa6 Nf2+ 37. Kg1 Nd3+ 0-1

[Event "FRA-ch op FIDE"]
[Site "Paris"]
[Date "1994.??.??"]
[Round "8"]
[White "Viot, Alain"]
[Black "Carrasco, Patrick"]
[Result "1/2-1/2"]
[WhiteElo "2190"]
[BlackElo "2010"]
[PlyCount "51"]
[EventDate "1994.??.??"]
[EventType "swiss"]
[EventRounds "9"]
[EventCountry "FRA"]
[SourceTitle "EXT 1998"]
[Source "ChessBase"]
[SourceDate "1997.11.17"]
[SourceVersion "1"]
[SourceVersionDate "1997.11.17"]
[SourceQuality "1"]

1. d4 Nf6 2. Nf3 g6 3. c4 Bg7 4. g3 d6 5. Bg2 0-0 6. 0-0 Nbd7 7. Nc3 e5 8. e4 a5 9. h3 exd4 10. Nxd4 Nc5 11. Re1 c6 12. Be3 Re8 13. Qc2 Qe7 14. Rad1 Bd7 15. Bf4 Nh5 16. Nxc6 Bxc6 17. Bxd6 Qe6 18. Bxc5 Qxc4 19. Bd6 Rac8 20. Qd3 Qe6 21. e5 Rcd8 22. Bxc6 bxc6 23. g4 Nf4 24. Qf3 g5 25. Kh2 Ng6 26. Ne4 1/2-1/2

[Event "FRA-ch op FIDE"]
[Site "Paris"]
[Date "1994.??.??"]
[Round "4"]
[White "Viot, Alain"]
[Black "Jeanjean, Dominique"]
[Result "1-0"]
[WhiteElo "2190"]
[BlackElo "2110"]
[PlyCount "131"]
[EventDate "1994.??.??"]
[EventType "swiss"]
[EventRounds "9"]
[EventCountry "FRA"]
[SourceTitle "EXT 1998"]
[Source "ChessBase"]
[SourceDate "1997.11.17"]
[SourceVersion "1"]
[SourceVersionDate "1997.11.17"]
[SourceQuality "1"]

1. d4 d5 2. Nf3 Nf6 3. c4 e6 4. Nc3 Be7 5. Bg5 h6 6. Bh4 0-0 7. cxd5 exd5 8. Qc2 Na6 9. a3 c5 10. e3 cxd4 11. Nxd4 Nc5 12. Be2 Nce4 13. 0-0 Bd7 14. Nxd5 Nxd5 15. Qxe4 Bxh4 16. Qxd5 Bc6 17. Qxd8 Rfxd8 18. Rac1 Bf6 19. Nxc6 bxc6 20. Rc2 c5 21. b3 Rab8 22. Rb1 Rd5 23. Kf1 g6 24. Bc4 Rd6 25. Ke2 Kf8 26. Rd1 Rxd1 27. Kxd1 Rd8+ 28. Ke2 Be7 29. a4 f6 30. h3 Ke8 31. a5 Bd6 32. a6 Ke7 33. Ra2 Bc7 34. Ra1 Ke8 35. h4 Ke7 36. Ra4 Bb6 37. Bb5 Rd6 38. Rg4 g5 39. Re4+ Re6 40. Ra4 Rd6 41. Ra1 Bc7 42. hxg5 fxg5 43. Rc1 Bb6 44. g4 Re6 45. Rh1 Rf6 46. Bc4 Rd6 47. Kf3 Rf6+ 48. Ke4 Rd6 49. f3 Ba5 50. Rh2 Bb6 51. Ra2 Kf6 52. Rh2 Ke7 53. Rh5 Rf6 54. Rh1 Rd6 55. Rh5 Rf6 56. f4 gxf4 57. Re5+ Kd7 58. exf4 Kd6 59. Re8 Kd7 60. Rg8 Bd8 61. Rg7+ Be7 62. f5 Kd6 63. Bb5 Rf8 64. Rh7 Rf6 65. Kf4 Bd8 66. Rd7# 1-0

[Event "FRA-ch op FIDE"]
[Site "Paris"]
[Date "1994.??.??"]
[Round "2"]
[White "Viot, Alain"]
[Black "Manouck, Thierry"]
[Result "0-1"]
[WhiteElo "2190"]
[BlackElo "2290"]
[PlyCount "120"]
[EventDate "1994.??.??"]
[EventType "swiss"]
[EventRounds "9"]
[EventCountry "FRA"]
[SourceTitle "EXT 1998"]
[Source "ChessBase"]
[SourceDate "1997.11.17"]
[SourceVersion "1"]
[SourceVersionDate "1997.11.17"]
[SourceQuality "1"]

1. d4 d6 2. Nf3 Nf6 3. c4 Nbd7 4. g3 e5 5. Bg2 c6 6. dxe5 dxe5 7. 0-0 Qc7 8. Nc3 a5 9. h3 Be7 10. Be3 0-0 11. Na4 Ne4 12. Qc2 Nec5 13. Rfd1 Nxa4 14. Qxa4 f5 15. c5 Kh8 16. Qc4 f4 17. gxf4 exf4 18. Bd4 Rf5 19. Qc3 Bf8 20. e4 fxe3 21. Qxe3 Nf6 22. Nh4 Nd5 23. Qg3 Qxg3 24. fxg3 Rf7 25. Rf1 Kg8 26. Rxf7 Kxf7 27. Rf1+ Kg8 28. Nf5 Bxf5 29. Rxf5 Rd8 30. Bxd5+ Rxd5 31. Rxd5 cxd5 32. Kf2 Kf7 33. Ke3 Ke6 34. g4 g6 35. Kd3 Kd7 36. b3 Kc6 37. Bc3 a4 38. b4 Kb5 39. a3 Be7 40. Bb2 Bg5 41. Kc3 h5 42. gxh5 gxh5 43. Kd3 Bh6 44. Kc3 d4+ 45. Kd3 Be3 46. h4 Bh6 47. Kc2 Kc4 48. Bc1 d3+ 49. Kd1 Bg7 50. Bf4 Bb2 51. Bc1 Bd4 52. Bf4 Kd5 53. Bg5 Bb2 54. Bc1 Bf6 55. Be3 Bxh4 56. Kd2 Kc4 57. b5 Kxb5 58. Kxd3 Be7 59. Ke4 Bxc5 60. Bc1 Kc4 0-1

[Event "Paris-ch op"]
[Site "Paris"]
[Date "1993.??.??"]
[Round "9"]
[White "Viot, Alain"]
[Black "Derieux, Christian"]
[Result "1-0"]
[WhiteElo "2190"]
[BlackElo "2285"]
[PlyCount "77"]
[EventDate "1993.04.??"]
[EventType "swiss"]
[EventRounds "9"]
[EventCountry "FRA"]
[SourceTitle "EXT 1998"]
[Source "ChessBase"]
[SourceDate "1997.11.17"]
[SourceVersion "1"]
[SourceVersionDate "1997.11.17"]
[SourceQuality "1"]

1. d4 Nf6 2. Nf3 g6 3. c4 c5 4. Nc3 Bg7 5. g3 0-0 6. Bg2 cxd4 7. Nxd4 Nc6 8. Nc2 d6 9. 0-0 Nd7 10. Bd2 Rb8 11. b3 Nc5 12. Rc1 a6 13. h3 Ne6 14. Nd5 b5 15. Nce3 b4 16. Nf6+ Bxf6 17. Bxc6 a5 18. Bg2 Bg7 19. Nd5 h6 20. Be3 Nc5 21. Qd2 Kh7 22. Rfd1 Bb7 23. Bf4 g5 24. Be3 e6 25. Nxb4 Bxg2 26. Kxg2 Qc7 27. Nd3 a4 28. Nxc5 dxc5 29. Kh2 axb3 30. axb3 Kg8 31. Rb1 Rb6 32. Qa5 Rc6 33. Qd2 Qe5 34. Qc2 Bf6 35. Rd7 h5 36. Qd3 h4 37. Rg1 hxg3+ 38. Rxg3 Kh8 39. Kg2 1-0

[Event "Paris-ch op"]
[Site "Paris"]
[Date "1993.??.??"]
[Round "1"]
[White "Viot, Alain"]
[Black "Metral, Jean Paul"]
[Result "0-1"]
[WhiteElo "2190"]
[BlackElo "2295"]
[PlyCount "94"]
[EventDate "1993.04.??"]
[EventType "swiss"]
[EventRounds "9"]
[EventCountry "FRA"]
[SourceTitle "TD"]
[Source "ChessBase"]
[SourceDate "1994.03.01"]
[SourceVersion "1"]
[SourceVersionDate "1994.03.01"]
[SourceQuality "1"]

1. d4 Nf6 2. c4 c5 3. Nf3 g6 4. Nc3 cxd4 5. Nxd4 Bg7 6. g3 a6 7. Bg2 Qc7 8. b3 Nc6 9. Bb2 0-0 10. 0-0 d6 11. Qd2 Bd7 12. Rac1 e6 13. Rfd1 Nxd4 14. Qxd4 Ne8 15. Qd2 Rd8 16. Ne4 Bxb2 17. Qxb2 f5 18. Ng5 h6 19. Nf3 Nf6 20. Qd4 Bc6 21. Ne1 Bxg2 22. Nxg2 Kf7 23. f3 g5 24. Ne3 Rd7 25. Rc2 h5 26. Kf2 Rg8 27. Rcd2 b6 28. a4 a5 29. Rc2 Ke7 30. Rdd2 Qc5 31. Nd1 h4 32. Nc3 hxg3+ 33. hxg3 Qc6 34. e4 g4 35. Rd3 gxf3 36. Rxf3 Nxe4+ 37. Nxe4 Qxe4 38. Qxe4 fxe4 39. Rf4 d5 40. Rd2 Rg5 41. cxd5 exd5 42. Rc2 Rg6 43. g4 Kd6 44. Ke3 Rh7 45. Rc3 Rh3+ 46. Kd4 Rxc3 47. Kxc3 Kc5 0-1